LEADER 00544naa a2200157 i 4500 001 000000297738 003 CaOOAMICUS 005 20180831172610.0 008 180831n xx u000 u und u 013 $a5302 040 $aSeMil$bita 100 1 $aMonachino, Vincenzo,$c.$0(OLS)http://semarc/name/9947 245 10$aPresentazione. 650 4$aChiesa - Italia - Storia.$0(OLS)http://semarc/subject/736 773 0 $t[Problemi di storia della Chiesa].$kStoria della Chiesa$w()57921 996 $6245$aPresentazione$9(OLS)http://semarc/title/372014 LEADER 01134nam a2200277 i 4500 001 000000102213 003 CaOOAMICUS 005 20170412000000.0 008 170412s1992 it u000 u ita u 013 $a74366 040 $aSeMil$bita 100 1 $aJossua, Jean-Pierre.$0(OLS)http://semarc/name/13512 240 13$aLe Dieu de la foi chrétienne.$0(OLS)http://semarc/title/407003 245 13$aIl Dio della fede cristiana /$cJean-Pierre Jossua. 260 $aCinisello Balsamo (Milano) :$bPaoline,$c1992. 300 $a106 p. ;$c21 cm. 490 0 $aUniverso filosofia ;$v3 500 $aContiene : Riferimenti bibliografici. 650 4$aTeologia.$0(OLS)http://semarc/subject/27 650 4$aDio.$0(OLS)http://semarc/subject/4429 830 0$aUniverso filosofia ;$v3.$0(OLS)http://semarc/title/9259 850 $aSeMil 852 $aSeMil$W1$xVenegono$y1$m2B III 521$j58774$B58774$CSeMilBibl$Z2$F69725 $81 961 $aRecupero: Seminario di Seveso 996 $6245$aIl Dio della fede cristiana$9(OLS)http://semarc/title/407002 996 $6260$aCinisello Balsamo (Milano) :$bPaoline$9(OLS)http://semarc/publisher/31197